00305 a2200097 4500001000900000005001700009008004100026245004700067100002400114773006900138ART_794120260410161556.0260409a 10aAnálisis del estado de flujo de efectivo1 aMantovan, Flavio A.0 tProfesional & Empresariag- Año XI, Nº 119 (ago. 2009)wREV70